Score 0/20 Timer 04:00
1 Play Today
% Correct
Luke Skywalker
98.2%
Norman Bates
86.4%
E.T.
83.3%
Wicked Witch of the West
81.8%
James Bond
80.5%
Edna Mode
76.2%
John McClane
73.8%
Inigo Montoya
71.8%
Indiana Jones
69.9%
Ferris Bueller
63.6%
% Correct
Gollum
63.1%
Rick Blaine
59.1%
Bartholomew M. Quint
54.7%
George Bailey
54.5%
Tommy DeVito
51.3%
Doc Brown
50.6%
Carl Fredricksen
43.6%
Ray Stantz
38.6%
Wall-E
34.7%
Ash Williams
28.5%
Remove Ads.
Support Sporcle.
Get the best of Sporcle when you Go Orange. This ad-free experience offers more features, more stats, and more fun while also helping to support Sporcle. Thank you for becoming a member.

You're not logged in!

Compare scores with friends on all Sporcle quizzes.
OR
Log In

Show Comments

Extras

Top Quizzes Today


Score Distribution

Your Account Isn't Verified!

In order to create a playlist on Sporcle, you need to verify the email address you used during registration. Go to your Sporcle Settings to finish the process.

Report this User

Report this user for behavior that violates our Community Guidelines.

Details: